<?xml version="1.0" encoding="UTF-8"?>
<record
    xmlns:xsi="http://www.w3.org/2001/XMLSchema-instance"
    xsi:schemaLocation="http://www.loc.gov/MARC21/slim http://www.loc.gov/standards/marcxml/schema/MARC21slim.xsd"
    xmlns="http://www.loc.gov/MARC21/slim">

  <leader>01889nam a2200289Ia 4500</leader>
  <controlfield tag="001">F9113</controlfield>
  <controlfield tag="003">IT-RoPAU</controlfield>
  <controlfield tag="008">130308s9999    xx            000 0 und d</controlfield>
  <datafield tag="040" ind1=" " ind2=" ">
    <subfield code="a">IT-RoPAU</subfield>
  </datafield>
  <datafield tag="040" ind1=" " ind2=" ">
    <subfield code="c">IT-RoPAU</subfield>
  </datafield>
  <datafield tag="041" ind1=" " ind2=" ">
    <subfield code="a">ITALIANO</subfield>
  </datafield>
  <datafield tag="100" ind1=" " ind2=" ">
    <subfield code="a">Lobrutto Vincent</subfield>
  </datafield>
  <datafield tag="100" ind1=" " ind2=" ">
    <subfield code="g">Codice Aut. SPICS: 53191</subfield>
  </datafield>
  <datafield tag="245" ind1=" " ind2=" ">
    <subfield code="a">Stanley Kubrick. L'uomo dietro la leggenda: biografia</subfield>
  </datafield>
  <datafield tag="245" ind1=" " ind2=" ">
    <subfield code="b">Stanley Kubrick. l'uomo Dietro la Leggenda: Biografia</subfield>
  </datafield>
  <datafield tag="250" ind1=" " ind2=" ">
    <subfield code="a">1a ed.</subfield>
  </datafield>
  <datafield tag="260" ind1=" " ind2=" ">
    <subfield code="a">MILANO</subfield>
  </datafield>
  <datafield tag="260" ind1=" " ind2=" ">
    <subfield code="b">Il Castoro</subfield>
  </datafield>
  <datafield tag="260" ind1=" " ind2=" ">
    <subfield code="c">1999 [1&#xB0; Ed.:1999 - Ed.Ling.Originale:1997]</subfield>
  </datafield>
  <datafield tag="300" ind1=" " ind2=" ">
    <subfield code="a">"576 p. (prefazione: no ; testo: 576 [pagine: 0-0])"</subfield>
  </datafield>
  <datafield tag="500" ind1=" " ind2=" ">
    <subfield code="a">"Storia di un Ragazzo del Bronx che &#xE8; Riuscito a Diventare una Stella. muore a Londra Il 7 Marzo 1999 a 70 Anni. Non Ha Visto Il Nuovo Secolo, che Pero' Aveva Visitato con Il suo Capolavoro ""2001: Odissea Nello Spazio"". al momento della Morte Aveva Appena Terminato Il suo XIII  lungometraggio Eyes Wide Shut, Sui Limiti della Sessualit&#xE0; e le Emozioni che nascono Dall'Ossessione Erotica e Dalla Gelosia. Biografia Divisa in 6 Parti: 1928 1948: Il Bronx Dove nacque e Visse la Sua Giovinezza. 1948 1956: New York, Dove Fa Ilfotografo per la rivista look e Sogna di Fare Il Regista, Inizia con cortometraggi e I Primi Lungometraggi, regista di Guerriglia. 1956 1960: Hollywood: la Harris Kubrick. 1960 1964: Inghilterra. 1964 1987: Isolamento, solitudine ed Eremitaggio. parte Vi: Infinito. Filmografia, da Ricordare: Il Bacio dell'Assassino (1955), Rapina a Mano Armata (1956), Orizzonti di Gloria (1957), Spartacus (1960), Lolita (1962), Il dottor Stranamore (1964), 2001:Odissea Nello Spazio (1968), Arancia meccanica (1971), Barry Lyndon (1975), Shining (1980), Full Metal Jacket (1987)."</subfield>
  </datafield>
  <datafield tag="650" ind1=" " ind2=" ">
    <subfield code="a">AUTORI/OPERE DEL CINEMA</subfield>
  </datafield>
  <datafield tag="650" ind1=" " ind2=" ">
    <subfield code="e">Codice materia Spics: 6807</subfield>
  </datafield>
  <datafield tag="942" ind1=" " ind2=" ">
    <subfield code="c">BK</subfield>
  </datafield>
  <datafield tag="957" ind1=" " ind2=" ">
    <subfield code="7">1</subfield>
  </datafield>
  <datafield tag="999" ind1=" " ind2=" ">
    <subfield code="c">93156</subfield>
    <subfield code="d">93156</subfield>
  </datafield>
  <datafield tag="999" ind1=" " ind2=" ">
    <subfield code="g">1</subfield>
  </datafield>
  <datafield tag="952" ind1=" " ind2=" ">
    <subfield code="0">0</subfield>
    <subfield code="1">0</subfield>
    <subfield code="4">0</subfield>
    <subfield code="6">F_000000000000000_9113</subfield>
    <subfield code="7">1</subfield>
    <subfield code="a">SPICS</subfield>
    <subfield code="b">SPICS</subfield>
    <subfield code="d">2013-03-08</subfield>
    <subfield code="l">0</subfield>
    <subfield code="o">F9113</subfield>
    <subfield code="r">2013-03-08 00:00:00</subfield>
    <subfield code="w">2013-03-08</subfield>
    <subfield code="y">BK</subfield>
    <subfield code="z">Progressivo inserimento:  36251 /  N. Volumi: 1 Copie: 1  / data import: 1 marzo 2013 - By Epidotti, Trombetti, Vaglietti. </subfield>
  </datafield>
</record>
